Inner cities trailing in start-ups (Record no. 71553)
[ view plain ]
| 000 -LEADER | |
|---|---|
| fixed length control field | 01045cam a2200205 4500 |
| 001 - CONTROL NUMBER | |
| control field | WB3842-04 |
| 008 - FIXED-LENGTH DATA ELEMENTS--GENERAL INFORMATION | |
| fixed length control field | 021112n2002 000 0 eng u |
| 035 ## - SYSTEM CONTROL NUMBER | |
| System control number | (Sirsi) u120436 |
| 245 ## - TITLE STATEMENT | |
| Title | Inner cities trailing in start-ups |
| 260 ## - PUBLICATION, DISTRIBUTION, ETC. | |
| Date of publication, distribution, etc. | 2002 |
| 490 ## - SERIES STATEMENT | |
| Series statement | Regeneration and Renewal |
| Volume/sequential designation | 8 November 2002, 3(1) |
| 520 ## - SUMMARY, ETC. | |
| Summary, etc. | Treasury statistics published on the eve of this week's Inner City 100 awards show that business start-ups per 10 000 population in the 20 most disadvantaged areas of Britain in 2001 were at half the rate of the 20 richest areas. The figures are supported by research from think tank the New Economics Foundation (NEF) which devised the annual index. Table. The Treasury figures "Enterprise activity in the UK", can be viewed at http://www.hm-treasury.gov.uk "The 2002 inner city 100 index" is available at http://www.neweconomics.org |
| 590 ## - LOCAL NOTE (RLIN) | |
| Local note | WB |
| 650 ## - SUBJECT ADDED ENTRY--TOPICAL TERM | |
| Topical term or geographic name entry element | INNER CITIES |
| 650 ## - SUBJECT ADDED ENTRY--TOPICAL TERM | |
| Topical term or geographic name entry element | RANKINGS |
| 650 ## - SUBJECT ADDED ENTRY--TOPICAL TERM | |
| Topical term or geographic name entry element | BUSINESS START-UPS |
| 650 ## - SUBJECT ADDED ENTRY--TOPICAL TERM | |
| Topical term or geographic name entry element | BUSINESS DEVELOPMENT |
| 690 ## - LOCAL SUBJECT ADDED ENTRY--TOPICAL TERM (OCLC, RLIN) | |
| Topical term or geographic name as entry element | ECONOMIC ISSUES |
| 942 ## - ADDED ENTRY ELEMENTS (KOHA) | |
| Suppress in OPAC | 0 |
| Withdrawn status | Lost status | Source of classification or shelving scheme | Damaged status | Not for loan | Home library | Current library | Shelving location | Date acquired | Total Checkouts | Full call number | Barcode | Date last seen | Copy number | Price effective from | Koha item type |
|---|---|---|---|---|---|---|---|---|---|---|---|---|---|---|---|
| Dewey Decimal Classification | London | London | News article | 12/11/2002 | WB3842-04 | 120436-1001 | 06/08/2019 | 1 | 06/08/2019 | News article |